Central Library and Information Centre
Sibsagar Girls' College, Sivasagar : Assam

FOREIGN POLICY OF INDIA (Record no. 2983)

MARC details
000 -LEADER
fixed length control field 00410cam a2200169ua 4500
008 - FIXED-LENGTH DATA ELEMENTS--GENERAL INFORMATION
fixed length control field 131129n1987 II |||gr||||Z||||||eng
040 ## - CATALOGING SOURCE
Original cataloging agency MAIN
041 ## - LANGUAGE CODE
-- English
082 ## - DEWEY DECIMAL CLASSIFICATION NUMBER
Classification number 327.154 BHA
100 ## - MAIN ENTRY--PERSONAL NAME
Personal name BHAMBHRI, C. P.
245 ## - TITLE STATEMENT
Title FOREIGN POLICY OF INDIA
260 ## - PUBLICATION, DISTRIBUTION, ETC.
Place of publication, distribution, etc. NEW DELHI
Name of publisher, distributor, etc. DEEP & DEEP PUBLICATION
Date of publication, distribution, etc. 1987
300 ## - PHYSICAL DESCRIPTION
Extent 166:
Dimensions 20CM.
942 ## - ADDED ENTRY ELEMENTS (KOHA)
Koha item type Books
653 ## - INDEX TERM--UNCONTROLLED
Uncontrolled term FOREIGN POLICY OF INDIA
Holdings
Withdrawn status Lost status Damaged status Not for loan Collection code Home library Current library Shelving location Date acquired Full call number Barcode Date last seen Copy number Price effective from Koha item type
        TBPSC Central Library and Information Centre Sibsagar Girls College Central Library and Information Centre Sibsagar Girls College Political Science Rack 07.03.1985 327.154 BHA 11231 27.02.2020 1 27.02.2020 Books


Sibsagar Girl's College © 2020. All rights reserved.
Powered by Koha.
Maintained by Abhijit Borpuzari.